Jumpstart <The> Economic Unification of Germany
Saved in:
| Main Author: | |
|---|---|
| Other Authors: | , |
| Format: | Book |
| Language: | English |
| Published: |
Cambridge
The MIT Press
1992
|
| Edition: | 1. ed. |
| Subjects: | |
| Tags: |
No Tags, Be the first to tag this record!
|
MARC
| LEADER | 00000nam a2200000 4500 | ||
|---|---|---|---|
| 001 | c013496 | ||
| 005 | 20221206083248.4 | ||
| 020 | |a 0-262-19327-2 | ||
| 041 | 0 | |a eng | |
| 044 | |a US | ||
| 245 | 1 | 0 | |a Jumpstart |b <The> Economic Unification of Germany |c Gerlinde Sinn, Hans-Werner Sinn ; [Z nem. prel.] Juli Irving-Lessmann |
| 250 | |a 1. ed. | ||
| 264 | 1 | |a Cambridge |b The MIT Press |c 1992 | |
| 300 | |a 243 s. | ||
| 610 | 2 | 0 | |a politika hospodárska |
| 610 | 2 | 0 | |a situácia hospodárska |
| 610 | 2 | 0 | |a dejiny hospodárske |
| 610 | 2 | 0 | |a transformácia |
| 610 | 2 | 0 | |a východné Nemecko |
| 610 | 2 | 0 | |a západné Nemecko |
| 610 | 2 | 0 | |a Nemecko |
| 100 | 1 | |a Sinn, Gerlinde | |
| 700 | 1 | |a Sinn, Hans-Werner | |
| 700 | 1 | |a Irving-Lessmann, Juli | |